000 01233cab a2200301 4500
001 WB3109-18
008 090401t1995 xxu||||| |||| 00| 0 eng d
035 _a(Sirsi) u15460
041 _aeng
245 _aCompensation for seizure of land
260 _c1995
350 _a0
490 _aTimes
_v27 February 1995, 35(2)
520 _a"Director of Buildings and Lands v Shun Fung Ironworks Ltd" Privy Council 20 February 1995. Concerned the basis of compensation for the seizure of land in Hong Kong by the Crown. The LT`s assesment based on the value of the business on the land at the time the land was taken was held to be correct. The CA`s decision to base compensation on the cost of relocating the business was overturned.
650 _aBASIS OF COMPENSATION
650 _aCOMPENSATION
650 _aCompulsory purchase
_96228
650 _aCROWN LANDS RESUMPTION ORDINANCE S10
650 _aDISTURBANCE
650 _aEXTINGUISHMENT
650 _aHONG KONG
650 _aLOSS OF PROFITS
650 _aRELOCATION
690 _aENVIRONMENTAL AND LAND CONSULTANCY-PLANNING AND DEVELOPMENT-COMPULSORY PURCHASE AND COMPENSATION
690 _aOVERSEAS-REST OF THE WORLD
942 _n0
948 _c04/03/1997
999 _c10141
_d10141